LEADER 01078nam a2200229 4500 001 000000355692 003 CaOOAMICUS 005 20231012145812.0 008 231012s1923 gw 000 u ger r 040 $aSeMil$bita 100 1 $aWolff, Johann Joseph.$0(OLS)http://semarc/name/118454 245 10$aArbeitsunterricht und staatsbu?rgerliche Erziehung : $bgeschichtlich, grundsa?tzlich und praktisch /$cbetrachtet von Johann Joseph Wolff. 264 1$aFreiburg :$bHerder,$c1923. 300 $aVIII, 114 p. ;$c23 cm 650 4$aEducazione civica.$0(OLS)http://semarc/subject/10502 850 $aSeMil 852 $aSeMil$W1$xVenegono$y1$m5B IV 6/8$j243889$B246933$CSeMilBibl$Z2$F246933 $81 961 $aRecupero da Biblioteca Seminario Maggiore, Milano 961 $aTimbro della Biblioteca del Seminario Maggiore di Milano 996 $6245$aArbeitsunterricht und staatsbu?rgerliche Erziehung : $bgeschichtlich, grundsa?tzlich und praktisch$9(OLS)http://semarc/title/445913 996 $6264$aFreiburg :$bHerder$9(OLS)http://semarc/publisher/29811 LEADER 01346nam a2200253 i 4500 001 000000073108 003 CaOOAMICUS 005 20170117000000.0 008 170117s1820 it u000 u ita u 013 $a44280 026 $adao- rela iea- feel (3) 1820 (A) 040 $aSeMil$bita 245 10$aNuova descrizione del Duomo di Milano con prospetti e tavole incise in rame. 260 $aMilano :$bPresso Ferdinando Artaria negoziante di stampe e musica, nella contrada di S.ta Margherita n. 1110,$c1820. 300 $a[4], 48, [4] p., [16] carte di tav. di cui 2 ripiegate :$bill., antip. calcogr. ;$c8°. 650 4$aMilano - Duomo.$0(OLS)http://semarc/subject/2739 700 1 $aArtaria, Ferdinando,$c.$0(OLS)http://semarc/name/90918 700 1 $aRupp, Ladislaus .$0(OLS)http://semarc/name/90920 700 1 $aCastellini, Giuseppe .$0(OLS)http://semarc/name/90919 850 $aSeMil 852 $aSeMil$W1$xVenegono$y1$m3O II 40 FA$j39261$B39261$CSeMilBibl$Z2$F39264 $8I 961 $aOmaggio: Donazione 996 $6245$aNuova descrizione del Duomo di Milano con prospetti e tavole incise in rame$9(OLS)http://semarc/title/402761 996 $6260$aMilano :$bPresso Ferdinando Artaria negoziante di stampe e musica, nella contrada di S.ta Margherita n. 1110$9(OLS)http://semarc/publisher/56298